Statistics for Countries of Asia by Skycrapers

Click here to take the quiz!

General Stats

  • This quiz has been taken 8 times
  • The average score is 25 of 50

Answer Stats

Answer% Correct
Japan
100%
North Korea
83%
Taiwan
83%
United Arab Emirates
83%
Azerbaijan
67%
China
67%
Iran
67%
Kazakhstan
67%
Malaysia
67%
Saudi Arabia
67%
Singapore
67%
South Korea
67%
Turkmenistan
67%
Afghanistan
50%
Bhutan
50%
India
50%
Indonesia
50%
Iraq
50%
Kuwait
50%
Kyrgyzstan
50%
Lebanon
50%
Oman
50%
Pakistan
50%
Philippines
50%
Sri Lanka
50%
Syria
50%
Tajikistan
50%
Thailand
50%
Timor Leste
50%
Uzbekistan
50%
Vietnam
50%
Yemen
50%
Armenia
33%
Bahrain
33%
Bangladesh
33%
Brunei
33%
Cambodia
33%
Georgia
33%
Israel
33%
Jordan
33%
Laos
33%
Maldives
33%
Mongolia
33%
Myanmar
33%
Nepal
33%
Qatar
33%
Russia
33%
Turkey
33%
Cyprus
17%
Palestine
17%

Score Distribution

Percentile by Number Answered

Percent of People with Each Score

Your Score History

You have not taken this quiz